000 00259nam a2200097Ia 4500
001 683674
005 20250826161443.0
008 250824s9999 xx 000 0 und d
245 0 _aSÜPERMEN VE UĞUR BÖCEĞİ
_cAHMET ŞERİF İZGÖREN
260 _bELMA YAYINLARI
999 _c683674
_d683674